PSYCHOLOGY FOR NURSES (Record no. 8175)

MARC details
000 -LEADER
fixed length control field 00275nam a22001337a 4500
003 - CONTROL NUMBER IDENTIFIER
control field SGT
082 ## - DEWEY DECIMAL CLASSIFICATION NUMBER
Classification number 150
Item number P15S
100 ## - MAIN ENTRY--PERSONAL NAME
Personal name SREEVANI, R.
245 ## - TITLE STATEMENT
Title PSYCHOLOGY FOR NURSES
250 ## - EDITION STATEMENT
Edition statement 2ND
260 ## - PUBLICATION, DISTRIBUTION, ETC. (IMPRINT)
Place of publication, distribution, etc DELHI
Name of publisher, distributor, etc JAYPEE PUB.
Year of Publication 2015
300 ## - PAGE DESCRIPTION
No. of Pages 229
942 ## - ADDED ENTRY ELEMENTS (KOHA)
Source of classification or shelving scheme Dewey Decimal Classification
Koha item type Books
942 ## - ADDED ENTRY ELEMENTS (KOHA)
-- 154
Holdings
Withdrawn status Lost status Source of classification or shelving scheme Damaged status Not for loan Collection code Home library Current library Shelving location Date acquired Vendor Name Cost, normal purchase price SGTU Bill Number Total Checkouts Full call number Accession No. (Barcode) Date last seen Date last borrowed Bill Date Koha item type Checked out Total Renewals
    Dewey Decimal Classification     NURSING SGT Medical Library SGT Medical Library Text Book 23/12/2015 AHUJA BOOK COMPANY 295.00 SGTU 6070 51 150 P15S FN2957 10/01/2026 23/12/2025 11/08/2015 Books    
    Dewey Decimal Classification     NURSING SGT Medical Library SGT Medical Library Text Book 23/12/2015 AHUJA BOOK COMPANY 295.00 SGTU 6070 58 150 P15S FN2958 20/01/2026 10/01/2026 11/08/2015 Books    
  Long Overdue (Lost) Dewey Decimal Classification     NURSING SGT Medical Library SGT Medical Library Text Book 23/12/2015 AHUJA BOOK COMPANY 295.00 SGTU 6070 33 150 P15S FN2959 26/02/2021 26/02/2021 11/08/2015 Books 14/03/2021  
    Dewey Decimal Classification     NURSING SGT Medical Library SGT Medical Library Text Book 23/12/2015 AHUJA BOOK COMPANY 295.00 SGTU 6070 84 150 P15S FN2960 10/01/2026 24/12/2025 11/08/2015 Books    
    Dewey Decimal Classification     NURSING SGT Medical Library SGT Medical Library Text Book 23/12/2015 AHUJA BOOK COMPANY 295.00 SGTU 6070 61 150 P15S FN2961 10/01/2026 25/12/2025 11/08/2015 Books   1
    Dewey Decimal Classification     NURSING SGT Medical Library SGT Medical Library Text Book 23/12/2015 AHUJA BOOK COMPANY 295.00 SGTU 6070 82 150 P15S FN2962 10/01/2026 25/12/2025 11/08/2015 Books   1